Escenarios mundiales de la educación superior: análisis global y estudios de casos

保存先:
書誌詳細
第一著者: López Segrera, Francisco
団体著者: CLACSO
フォーマット: 不明
出版事項: Buenos Aires: CLACSO
主題:
タグ: タグ追加
タグなし, このレコードへの初めてのタグを付けませんか!

MARC

LEADER 00000 a2200000 04500
001 34466
003
008 991231s d
040
020 |a 987-1183-61-5  
022 |a 987-1183-61-5  
090 |a 0005 L864e  
100 |a López Segrera, Francisco  
110 |a CLACSO  
245 |a Escenarios mundiales de la educación superior: análisis global y estudios de casos  
260 |a Buenos Aires:   |b CLACSO  
300 |a 318 p.  
650 |a DISCRIMINACION RACIAL  
650 |a ENSEÑANZA SUPERIOR  
650 |a NEGROS  
650 |a POLITICA GUBERNAMENTAL  
650 |a INTEGRACION SOCIAL  
650 |a BRASIL  
650 |a DISTRIBUCION POR SEXO  
650 |a PIEL  
650 |a ANALISIS REGIONAL  
650 |a ESCOLARIDAD  
999 |c 11545  |d 11545